000 00613cam a2200193 a 4500
020 _a0821349066 (pbk.)
040 _cDLC
082 0 0 _a346 WOR 2001 A089 Or.
245 0 0 _aResolution of financial distress :
_ban international perspective on the design of bankruptcy laws /
260 _aWashington, D.C. :
_bWorld Bank,
_cc2001.
300 _axxxii, 390 p. :
_bill. ;
_c24 cm.
650 0 _aBankruptcy.
650 0 _aDebtor and creditor.
700 1 _aClaessens, Stijn.
700 1 _aDjankov, Simeon.
700 1 _aMody, Ashoka.
856 4 _uhttp://www.loc.gov/catdir/toc/fy02/00065484.html
942 _cEK
999 _c16210
_d16210